| 000 | 00524nam a2200217Ia 4500 | ||
|---|---|---|---|
| 008 | 170918s9999 xx 000 0 und d | ||
| 020 | _a9780064404990 | ||
| 050 | _bL673ch 1994 | ||
| 100 | _aLewis, C.S. | ||
| 245 | 4 | _aThe lion, the witch and the wardrobe / | |
| 245 | _cby C.S. Lewis. | ||
| 260 | _aNew York : | ||
| 260 | _bHarper Trophy, | ||
| 260 | _c1994 | ||
| 300 | _a189 pages : | ||
| 300 | _billustrations ; | ||
| 300 | _c19cm. | ||
| 300 | _eThe chronicles of Narnia ; | ||
| 440 | _a2 | ||
| 500 | _a940 | ||
| 999 |
_c343362 _d343362 |
||